|
|
|
แสดงรายละเอียดบรรณานุกรม |
|
|
Brief Record
: Get Marc (ISO 2709)
: E-mail record
: |
|
|
| LEADER 00000nam 2200000uu 4500 | |||
| 001 13399128797 | |||
| 003 BCNR | |||
| 008 260508s2565||||th 000 0 tha d | |||
| 020 ^a9786166043235 | |||
| 041 ^atha | |||
| 060 4 ^aQU145^bอ832ภ 2565 | |||
| 100 0 ^aอุบล ชื่นสำราญ | |||
| 245 00 ^aโภชนาการมนุษย์ /^cอุบล ชื่นสำราญ | |||
| 250 ^aพิมพ์ครั้งที่ 1 | |||
| 260 ^aกรุงเทพฯ :^bโอ. เอส. พริ้นติ้ง เฮ้าส์,^c2565 | |||
| 300 ^a213 หน้า :^bภาพประกอบ, ตาราง ;^c26 ซม. | |||
| 505 0 ^aบทที่ 1 ความสำคัญของโภชนาการต่อสุขภาพและคุณภาพชีวิต -- บทที่ 2 สารอาหารหลักที่ให้พลังงาน -- บทที่ 3 สารอาหารรอง -- บทที่ 4 น้ำ -- บทที่ 5 การนำสารอาหารไปใช้ในร่างกาย -- บทที่ 6 ความต้องการสารอาหารและพลังงานของบุคคลวัยต่างๆ -- บทที่ 7 การประเมินภาวะโภชนาการ -- บทที่ 8 การคำนวณคุณค่าสารอาหาร -- บทที่ 9 ฉลากโภชนาการ -- บทที่ 10 งานวิจัยด้านโภชนาการ | |||
| 650 4 ^aโภชนาการ | |||
| 999 ^aบรรณารักษ์ | |||
| คุณยังไม่ได้ล็อกอิน คุณสามารถมีกิจกรรมร่วมกับเว็บไซต์ได้ แต่ต้องล็อกอินก่อน :: |
|
| สถานะ | |||||||||
| 1. | หนังสือ | QU145 อ832ภ 2565 c.1 Barcode: 087907 | ►หนังสือทั่วไป | On Shelf | |||||
| 2. | หนังสือ | QU145 อ832ภ 2565 c.2 Barcode: 087908 | ►หนังสือทั่วไป | On Shelf | |||||
| 3. | หนังสือ | QU145 อ832ภ 2565 c.3 Barcode: 087909 | ►หนังสือทั่วไป | On Shelf | |||||
| 4. | หนังสือ | QU145 อ832ภ 2565 c.4 Barcode: 087910 | ►หนังสือทั่วไป | On Shelf | |||||
| 5. | หนังสือ | QU145 อ832ภ 2565 c.5 Barcode: 087911 | ►หนังสือทั่วไป | On Shelf | |||||
| [แสดง 5/5 รายการ] | |||||||||
BibComment |
| คอมเมนท์ทรัพยากรรายการนี้ |
|
|